[Event "Cali Valle Colombia op-A"]
[Site "Cali Valle Colombia"]
[Date "2022.12.29"]
[Round "8"]
[White "Pazos Gambarrotti, Plinio Efrain"]
[Black "Gonzalez, Juan Manuel"]
[Result "1/2-1/2"]
[WhiteElo "2083"]
[BlackElo "2127"]
[PlyCount "24"]
[EventDate "2022.12.26"]
[EventType "swiss"]
[EventRounds "9"]
[EventCountry "COL"]
[SourceTitle "CBM 211 Extra"]
[Source "ChessBase"]
[SourceDate "2023.01.31"]
[SourceVersion "1"]
[SourceVersionDate "2023.01.31"]
[SourceQuality "1"]

1. d4 d5 2. c4 c6 3. Nf3 Bf5 4. Nc3 e6 5. e3 Nf6 6. Ne5 Nfd7 7. f4 f6 8. g4 fxe5 9. gxf5 Qh4+ 10. Kd2 exd4 11. exd4 exf5 12. cxd5 Qf2+ 1/2-1/2

[Event "Cali Valle Colombia op-A"]
[Site "Cali Valle Colombia"]
[Date "2022.12.26"]
[Round "1"]
[White "Aguero Jimenez, Luis Lazaro"]
[Black "Gonzalez, Juan Manuel"]
[Result "1-0"]
[WhiteElo "2465"]
[BlackElo "2127"]
[PlyCount "87"]
[EventDate "2022.12.26"]
[EventType "swiss"]
[EventRounds "9"]
[EventCountry "COL"]
[SourceTitle "CBM 211 Extra"]
[Source "ChessBase"]
[SourceDate "2023.01.31"]
[SourceVersion "1"]
[SourceVersionDate "2023.01.31"]
[SourceQuality "1"]

1. e4 c6 2. d4 d5 3. Nd2 dxe4 4. Nxe4 Nf6 5. Nxf6+ gxf6 6. Nf3 Bf5 7. Be3 Rg8 8. Nh4 e6 9. Nxf5 Qa5+ 10. Qd2 Qxf5 11. 0-0-0 Nd7 12. c4 a5 13. Bd3 Qh5 14. f3 Bb4 15. Qf2 f5 16. h3 0-0-0 17. c5 a4 18. Qc2 a3 19. bxa3 Bxa3+ 20. Kb1 f4 21. Bxf4 e5 22. g4 Qh4 23. dxe5 Nxc5 24. Bxh7 Rge8 25. Bf5+ Ne6 26. Ka1 Qe7 27. Be3 Kb8 28. Rxd8+ Rxd8 29. Rd1 Rxd1+ 30. Qxd1 Qb4 31. Qd6+ Qxd6 32. exd6 Bxd6 33. Bxe6 Be5+ 34. Kb1 fxe6 35. f4 Bh8 36. Kc2 Kc7 37. Kd3 Kd6 38. Bd4 e5 39. Bxe5+ Bxe5 40. fxe5+ Kxe5 41. h4 b5 42. h5 c5 43. h6 Kf6 44. g5+ 1-0

[Event "Bogota McGregor op 1st"]
[Site "Bogota"]
[Date "2010.12.06"]
[Round "6"]
[White "Villamil Alarcon, Hector Orlando"]
[Black "Gonzalez, Juan Manuel"]
[Result "1/2-1/2"]
[WhiteElo "2107"]
[BlackElo "2127"]
[PlyCount "37"]
[EventDate "2010.12.03"]
[EventType "swiss"]
[EventRounds "10"]
[EventCountry "COL"]
[SourceTitle "CBM 139 Extra"]
[Source "ChessBase"]
[SourceDate "2011.01.05"]
[SourceVersion "1"]
[SourceVersionDate "2011.01.05"]
[SourceQuality "1"]

1. d4 d5 2. Nf3 Nf6 3. Bg5 Bf5 4. e3 e6 5. c3 c6 6. Nbd2 Be7 7. Be2 h6 8. Bf4 0-0 9. h3 Nbd7 10. 0-0 Qb6 11. Qb3 c5 12. Qxb6 Nxb6 13. dxc5 Na4 14. Nd4 Bg6 15. c6 bxc6 16. Nxc6 Rfe8 17. Ne5 Nxb2 18. Nxg6 fxg6 19. Rac1 1/2-1/2

[Event "Bogota McGregor op 1st"]
[Site "Bogota"]
[Date "2010.12.04"]
[Round "3"]
[White "Gonzalez, Juan Manuel"]
[Black "Zuluaga Torres, Juan Pablo"]
[Result "1-0"]
[WhiteElo "2127"]
[BlackElo "1992"]
[PlyCount "103"]
[EventDate "2010.12.03"]
[EventType "swiss"]
[EventRounds "10"]
[EventCountry "COL"]
[SourceTitle "CBM 139 Extra"]
[Source "ChessBase"]
[SourceDate "2011.01.05"]
[SourceVersion "1"]
[SourceVersionDate "2011.01.05"]
[SourceQuality "1"]

1. d4 d5 2. c3 Nf6 3. Nf3 c6 4. Bf4 Bf5 5. e3 e6 6. Qb3 Qb6 7. Nbd2 Nbd7 8. Be2 Nh5 9. Bg5 h6 10. Bh4 g5 11. Bg3 Nxg3 12. hxg3 Bd6 13. Qxb6 axb6 14. Nxg5 Ke7 15. Ngf3 c5 16. 0-0 c4 17. e4 Bxe4 18. Nxe4 dxe4 19. Nd2 f5 20. Bxc4 h5 21. Rfe1 Nf6 22. Nf3 Rag8 23. a4 Ng4 24. Nh4 Kf6 25. f4 Nh6 26. Kh2 Rg7 27. Nf3 Nf7 28. Ne5 Rhg8 29. Re3 Nh6 30. Be2 h4 31. g4 Nxg4+ 32. Bxg4 fxg4 33. Rxe4 Kf5 34. Re2 Kxf4 35. Rf1+ Kg5 36. Re4 Kh5 37. Rf6 Rg6 38. Rf7 R8g7 39. Rxg7 Rxg7 40. Kg1 h3 41. Nc4 h2+ 42. Kh1 Bc7 43. Rxe6 g3 44. d5 Rf7 45. Re1 Rf6 46. Rd1 Bd6 47. Nxb6 Rf2 48. Nc4 Rf6 49. Nxd6 Rxd6 50. c4 b6 51. a5 bxa5 52. c5 1-0

[Event "Cali op"]
[Site "Cali"]
[Date "2009.12.27"]
[Round "2"]
[White "Gonzalez, Juan Manuel"]
[Black "Zuluaga Mancilla, Cesar"]
[Result "1-0"]
[WhiteElo "2115"]
[BlackElo "2314"]
[PlyCount "69"]
[EventDate "2009.12.26"]
[EventType "swiss"]
[EventRounds "9"]
[EventCountry "COL"]
[SourceTitle "CBM 134 Extra"]
[Source "ChessBase"]
[SourceDate "2010.03.03"]
[SourceVersion "1"]
[SourceVersionDate "2010.03.03"]
[SourceQuality "1"]

1. d4 d5 2. c3 Nf6 3. Nf3 Bf5 4. Qb3 Qc8 5. Bf4 e6 6. e3 Be7 7. Be2 0-0 8. 0-0 Nbd7 9. h3 c5 10. c4 Bg6 11. Nbd2 b6 12. a4 cxd4 13. exd4 dxc4 14. Bxc4 Nb8 15. Rfc1 Qd8 16. a5 Nbd7 17. Ba6 Nd5 18. Bg3 bxa5 19. Bb7 Bb4 20. Bxa8 Qxa8 21. Nc4 Rc8 22. Ne3 N7b6 23. Nxd5 Nxd5 24. Ne5 Bf5 25. Rxc8+ Qxc8 26. Qc4 Qf8 27. Rc1 Nb6 28. Qc7 Bd2 29. Rc6 Be4 30. Rd6 Nd5 31. Qxa7 f6 32. Nf7 Qe7 33. Rd7 Kxf7 34. Rxe7+ Nxe7 35. Bd6 1-0

[Event "Cali op"]
[Site "Cali"]
[Date "2008.12.29"]
[Round "8"]
[White "Gonzalez, Juan Manuel"]
[Black "Remicio Duque, John H"]
[Result "0-1"]
[WhiteElo "2111"]
[BlackElo "2216"]
[PlyCount "62"]
[EventDate "2008.12.26"]
[EventType "swiss"]
[EventRounds "9"]
[EventCountry "COL"]
[SourceTitle "CBM 128 Extra"]
[Source "ChessBase"]
[SourceDate "2009.03.05"]
[SourceVersion "2"]
[SourceVersionDate "2009.03.25"]
[SourceQuality "1"]

1. d4 d5 2. Nf3 Nf6 3. c3 c5 4. Bf4 Nc6 5. e3 Bf5 6. Nbd2 e6 7. Be2 Bd6 8. Bg3 cxd4 9. exd4 0-0 10. 0-0 Bxg3 11. hxg3 Qb6 12. Qb3 Qc7 13. Rfe1 Na5 14. Qa3 a6 15. Ne5 b5 16. b4 Nc4 17. Ndxc4 bxc4 18. Qa5 Qxa5 19. bxa5 Rfb8 20. g4 Bg6 21. g5 Ne8 22. Nxg6 hxg6 23. Reb1 Nd6 24. Kf1 Ne4 25. Rc1 Rb2 26. Ke1 Nxg5 27. f3 Rab8 28. Kf2 Rd2 29. Rab1 Rxb1 30. Rxb1 Rxa2 31. Rb8+ Kh7 0-1

[Event "American Continental 04th"]
[Site "Cali"]
[Date "2007.07.18"]
[Round "9"]
[White "Gonzalez, Juan Manuel"]
[Black "Ruiz Aguilar, Pablo Alexander"]
[Result "0-1"]
[WhiteElo "2115"]
[BlackElo "2247"]
[PlyCount "77"]
[EventDate "2007.07.10"]
[EventType "swiss"]
[EventRounds "11"]
[EventCountry "COL"]
[SourceTitle "CBM 119 Extra"]
[Source "ChessBase"]
[SourceDate "2007.09.04"]
[SourceVersion "1"]
[SourceVersionDate "2007.09.04"]
[SourceQuality "1"]

1. d4 d5 2. Nf3 Nf6 3. Bf4 c5 4. c3 Nc6 5. e3 Bf5 6. Be2 e6 7. 0-0 Be7 8. Qb3 Qc8 9. c4 dxc4 10. Qxc4 cxd4 11. Nxd4 Nxd4 12. Qxd4 0-0 13. Nc3 Rd8 14. Qa4 Rd2 15. e4 Rxb2 16. Rac1 Qf8 17. exf5 Rb4 18. Qa5 Rxf4 19. fxe6 fxe6 20. Qe5 Rh4 21. Bf3 Kh8 22. Qxe6 Re8 23. Qf5 g6 24. Qa5 Ba3 25. Rb1 Bd6 26. g3 Rb4 27. Rfe1 Rxe1+ 28. Rxe1 Rb2 29. Nd5 Rc2 30. Nxf6 Qxf6 31. Re3 Bc5 32. Re8+ Kg7 33. Qc7+ Kh6 34. Qf4+ Qxf4 35. gxf4 Rxf2 36. Rc8 Be3 37. Re8 Rxf3+ 38. Kg2 Rf2+ 39. Kg3 0-1

[Event "American Continental 04th"]
[Site "Cali"]
[Date "2007.07.15"]
[Round "6"]
[White "Orozco Lopez, Luz Elena"]
[Black "Gonzalez, Juan Manuel"]
[Result "1/2-1/2"]
[WhiteElo "1908"]
[BlackElo "2115"]
[PlyCount "135"]
[EventDate "2007.07.10"]
[EventType "swiss"]
[EventRounds "11"]
[EventCountry "COL"]
[SourceTitle "CBM 119 Extra"]
[Source "ChessBase"]
[SourceDate "2007.09.04"]
[SourceVersion "1"]
[SourceVersionDate "2007.09.04"]
[SourceQuality "1"]

1. e4 c6 2. d4 d5 3. Nc3 dxe4 4. Nxe4 Nf6 5. Nxf6+ gxf6 6. Nf3 Bg4 7. Be2 e6 8. Be3 Qc7 9. Qd2 Nd7 10. c4 0-0-0 11. 0-0 c5 12. Qc3 Rg8 13. Kh1 f5 14. Qc1 Bd6 15. h3 Bh5 16. dxc5 Bxc5 17. a3 Rxg2 18. Kxg2 Rg8+ 19. Bg5 Qc6 20. Rg1 h6 21. Qc3 hxg5 22. Kf1 Nf6 23. Nxg5 Ne4 24. Nxe4 Bxe2+ 25. Kxe2 Qxe4+ 26. Kf1 Rd8 27. Re1 Qf4 28. Qg3 Qxc4+ 29. Kg2 Qd5+ 30. Kf1 Qd2 31. b4 Bd4 32. Qf3 Bc3 33. Kg2 Rd3 34. Qh5 Qf4 35. Re3 Rxe3 36. fxe3 Qxe3 37. Qf3 Qg5+ 38. Kh1 Qd2 39. Rd1 Qc2 40. h4 Be5 41. Kg1 Qh2+ 42. Kf1 Qxh4 43. Qe3 Qf4+ 44. Ke2 Qxe3+ 45. Kxe3 f4+ 46. Ke4 Bc7 47. b5 f5+ 48. Kf3 a6 49. b6 Bxb6 50. Rd6 Be3 51. Rxe6 a5 52. a4 b6 53. Re7 Bc5 54. Rf7 Bd6 55. Rxf5 Kd7 56. Ke4 Kc6 57. Rb5 Bc7 58. Kf3 Bd6 59. Ke4 Bc5 60. Kxf4 Kd5 61. Kf5 Kc4 62. Ke4 Bd4 63. Rb1 Bf2 64. Rb2 Bd4 65. Rb1 Bc5 66. Rb5 Kc3 67. Kd5 Bb4 68. Rxb6 1/2-1/2

[Event "American Continental 04th"]
[Site "Cali"]
[Date "2007.07.12"]
[Round "3"]
[White "Gonzalez, Juan Manuel"]
[Black "Mesias Rojas, Rabindranath"]
[Result "0-1"]
[WhiteElo "2115"]
[BlackElo "2232"]
[PlyCount "61"]
[EventDate "2007.07.10"]
[EventType "swiss"]
[EventRounds "11"]
[EventCountry "COL"]
[SourceTitle "CBM 119 Extra"]
[Source "ChessBase"]
[SourceDate "2007.09.04"]
[SourceVersion "1"]
[SourceVersionDate "2007.09.04"]
[SourceQuality "1"]

1. d4 c5 2. c3 cxd4 3. cxd4 g6 4. Nf3 Bg7 5. Nc3 Nf6 6. Bf4 0-0 7. e3 d6 8. Be2 b6 9. 0-0 Bb7 10. h3 Nbd7 11. a4 Nd5 12. Bg3 Rc8 13. Qb3 N7f6 14. Nd2 e5 15. Nb5 Nh5 16. Bxh5 gxh5 17. Nxa7 h4 18. Bh2 Rc7 19. Rfc1 exd4 20. Rxc7 Qxc7 21. Nb5 Qc6 22. e4 Ne7 23. Bxd6 Re8 24. Qd1 Qd7 25. Rc1 Bc6 26. e5 Nf5 27. Nc7 Nxd6 28. exd6 Re5 29. Nc4 Rg5 30. g4 hxg3 31. Nxb6 0-1

[Event "American Continental 04th"]
[Site "Cali"]
[Date "2007.07.10"]
[Round "1"]
[White "Gonzalez, Juan Manuel"]
[Black "Capo Vidal, Uriel"]
[Result "1/2-1/2"]
[WhiteElo "2115"]
[BlackElo "2370"]
[PlyCount "65"]
[EventDate "2007.07.10"]
[EventType "swiss"]
[EventRounds "11"]
[EventCountry "COL"]
[SourceTitle "CBM 119 Extra"]
[Source "ChessBase"]
[SourceDate "2007.09.04"]
[SourceVersion "1"]
[SourceVersionDate "2007.09.04"]
[SourceQuality "1"]

1. d4 d5 2. Nf3 Nf6 3. Bf4 e6 4. e3 Bd6 5. Bxd6 cxd6 6. c4 dxc4 7. Bxc4 0-0 8. Nc3 Nbd7 9. 0-0 a6 10. a4 b6 11. Qe2 Bb7 12. Rfd1 Re8 13. Rac1 Ra7 14. Rd2 Qa8 15. Rcc2 h6 16. h3 e5 17. dxe5 dxe5 18. Ba2 Nf8 19. Rd1 Bc6 20. Rd6 Rd7 21. Rcd2 b5 22. b4 Qb7 23. a5 Rxd6 24. Rxd6 Qc7 25. Qd2 Bb7 26. Rb6 N6d7 27. Rd6 Nf6 28. Rb6 N8d7 29. Rd6 Rc8 30. Nd5 Qxd6 31. Nxf6+ Qxf6 32. Qxd7 Rc1+ 33. Kh2 1/2-1/2

[Event "Cali TAEI op 3rd"]
[Site "Cali"]
[Date "2007.05.18"]
[Round "?"]
[White "Mateus Urbano, Luis Alejandro"]
[Black "Gonzalez, Juan Manuel"]
[Result "1-0"]
[WhiteElo "2111"]
[BlackElo "2119"]
[PlyCount "57"]
[EventDate "2007.05.18"]
[EventType "swiss"]
[EventRounds "13"]
[EventCountry "COL"]
[SourceTitle "EXT 2024"]
[Source "ChessBase"]
[SourceDate "2023.10.10"]
[SourceVersion "1"]
[SourceVersionDate "2023.10.10"]
[SourceQuality "1"]

1. e4 e5 2. Nf3 d6 3. d4 Nd7 4. dxe5 dxe5 5. Bc4 c6 6. 0-0 Be7 7. Qe2 Ngf6 8. Rd1 Qc7 9. Ng5 0-0 10. Bxf7+ Kh8 11. Ne6 Qb6 12. Nxf8 Nxf8 13. h3 Ng6 14. Bxg6 hxg6 15. Nd2 Be6 16. Nf3 Qc7 17. Bg5 Rf8 18. Bxf6 gxf6 19. Qe3 g5 20. Nh2 b6 21. Nf1 Bc5 22. Qf3 g4 23. hxg4 Qg7 24. Qh3+ Kg8 25. Ne3 Bxe3 26. Qxe3 Bxg4 27. Rd3 Kf7 28. Rad1 Bxd1 29. Rd7+ 1-0